Movies Quiz

Random Movies or Disney Quiz

100 Tiny Disney Scenes Quiz Stats

Quiz Updated Sep 11, 2017

Challenge
Share
Tweet
Score 0/100 Timer 15:00
5 Plays Today
Image Movie % Correct
8The Lion King
97.1%
9Cars
97%
13Peter Pan
95.5%
15Dumbo
95.1%
1Beauty and the Beast
94.7%
3The Incredibles
94.6%
4The Jungle Book
94%
12Finding Nemo
93.5%
6Alice in Wonderland
93.1%
26The Little Mermaid
91.3%
2Mary Poppins
91.1%
19Tarzan
89.7%
31Mulan
88.2%
28A Bug's Life
88.2%
34Winnie the Pooh
87.8%
38Up
87.5%
42Bambi
86.8%
51Toy Story
84.8%
62Aladdin
84%
5…Curse of the Black Pearl
83.9%
22WALL·E
83.7%
33The Fox and the Hound
83.5%
35Pocahontas
83.4%
40The Hunchback of Notre Dame
81.9%
52Snow White and the Seven Dwarfs
81.9%
68Toy Story 2
81.2%
29Fantasia
80.4%
7Enchanted
79.6%
83Lady and the Tramp
78%
11The Santa Clause
77.7%
49Chicken Little
77.5%
16Ratatouille
76.8%
44Tangled
75.8%
39One Hundred and One Dalmatians
74.4%
Image Movie % Correct
46Sleeping Beauty
73.8%
66The Princess and the Frog
73.3%
85Lilo & Stitch
72.4%
70Bolt
71.2%
67Hercules
71.2%
64…Dead Man's Chest
71.2%
55The Tigger Movie
69.2%
21Who Framed Roger Rabbit
68.7%
79The Aristocats
68.6%
59Alice in Wonderland
68.6%
89Robin Hood
66.7%
24The Rescuers
66.7%
100Monsters, Inc.
66.4%
75The Emperor's New Groove
65.1%
61The Sword in the Stone
62.7%
69The Princess Diaries
61.7%
18Freaky Friday
59.7%
45Atlantis: The Lost Empire
57%
14The Parent Trap
56.4%
93Brother Bear
56%
88…At World's End
52%
17Pete's Dragon
50.9%
72Oliver & Company
48.6%
47Honey, I Shrunk the Kids
47.3%
84Holes
47.2%
98Dinosaur
45.6%
32Tron
42.4%
57Meet the Robinsons
41.2%
76The Rescuers Down Under
41.2%
25Underdog
36.4%
91G-Force
34.9%
23The Love Bug
34%
78Sky High
32.9%
10Race to Witch Mountain
32.5%
Image Movie % Correct
20Old Yeller
32.2%
41National Treasure
31%
92Home on the Range
30.9%
58The Great Mouse Detective
29.1%
71The Shaggy Dog
27.2%
43Bedknobs and Broomsticks
26.8%
95Air Bud
26.7%
53The Three Caballeros
26.6%
60Beverly Hills Chihuahua
24.2%
48Song of the South
22.1%
50Treasure Planet
22%
94Tuck Everlasting
21.9%
96The Haunted Mansion
21.8%
54Bedtime Stories
20.4%
56Around the World…
20.2%
86Pooh's Heffalump Movie
19.3%
73The Black Cauldron
19.1%
80Eight Below
18.6%
65Pollyanna
16.3%
82Mr. Magoo
15.5%
81Bridge to Terabithia
15%
30The Three Musketeers
14.2%
77Cool Runnings
12%
37Escape to Witch Mountain
9.8%
90The Mighty Ducks
7.8%
36Fun and Fancy Free
7.6%
9920,000 Leagues Under the Sea
7.2%
87The Rocketeer
7%
27The Apple Dumpling Gang
6.6%
97Swiss Family Robinson
4.2%
63Absent-Minded Professor
3.2%
74The Black Hole
2.2%

You're not logged in!

Compare scores with friends on all Sporcle quizzes.
Sign Up with Email
OR
Log In

You Might Also Like...

Show Comments

Extras

Top Quizzes Today


Score Distribution

Your Account Isn't Verified!

In order to create a playlist on Sporcle, you need to verify the email address you used during registration. Go to your Sporcle Settings to finish the process.

Report this User

Report this user for behavior that violates our Community Guidelines.

Details: